000 00707nam a22002417a 4500
001 BR7604400
003 BR-BrBNA
005 20230928085105.0
007 ta
008 230509b bl.||||| |||| 00| 0 por d
040 _aBR-BrBNA
_bpor
_cBiblioteca Nacional de Agricultura
041 _a(Por)
072 _aC00
090 _ C00 BR7604400
110 1 _aEmpresa de Assistencia Tecnica e Extensao Rural do Estado de Mato Grosso, Cuiaba (Brasil)
_94017
245 1 _aVisita, reuniao, dia de campo [extensao rural, Brasil]
260 3 _aCuiaba, MT (Brasil):
_c1976.
300 _a18 p.
650 _aEXTENSAO RURAL
650 _aENSINO AGRICOLA
909 _a202309
_bLucia
_c55
_dLucia Elande
942 _cBK
999 _c22745
_d22745